| 000 | 00608nam a2200241Ia 4500 | ||
|---|---|---|---|
| 005 | 20250425161432.0 | ||
| 008 | 250425s9999 xx 000 0 und d | ||
| 020 | _a0123557607 | ||
| 041 | _aeng | ||
| 082 | _a621.367 | ||
| 100 | _aHORNER, JOSEPH L. | ||
| 245 | 0 | _aOPTICAL SIGNAL PROCESSING | |
| 250 | _aS.E. | ||
| 260 |
_aEstados Unidos _bACADEMIC PRESS _c1987 |
||
| 260 | _aSAN DIEGO | ||
| 300 | _a569 | ||
| 650 | _aEQUIPO OPTICO | ||
| 650 | _aPROCESAMIENTO DE IMAGENES | ||
| 650 | _aPROCESAMIENTO DE SEÑALES | ||
| 650 | _aPROCESAMIENTO OPTICO DE DATOS | ||
| 942 | _c01 | ||
| 010 | _a20246 | ||
| 999 |
_c209196 _d209196 |
||